00686nam a22002057a 450000500170000008200220001710000180003924501250005726000920018230000130027450200080028765000370029565000210033265000320035365000300038565000120041570000220042794200120044999900190046120260331105432.0 a630.71bDEV/DI PG aDevika Vikram aDigital literacy of joint liability group (JLG) of kudumbasree women farmers in southern Kerala: an empirical assessment aVellayanibDepartment of Agricultural Extension Education, College of Agriculturec2026 axi,139p. aMSc aAgricultural Extension Education aDigital literacy aJoint liability group (JLG) aKudumbasree women farmers a Kerala aSmitha, S (Guide) 2ddccBK c374549d374549